| 000 | 00835nam a2200253Ia 4500 | ||
|---|---|---|---|
| 003 | GCL | ||
| 008 | 140319s9999 xx 000 0 ara d | ||
| 040 |
_aGCL / _cGCL |
||
| 082 | 0 | 4 |
_a891.55 _bو ر |
| 100 | 1 | _aمصطفى لطفى المنفلوطى | |
| 245 | 1 | 0 |
_aرباعيات عمر الخيام / _cمصطفى لطفى المنفلوطى |
| 700 | 1 | _aوديع البستانى | |
| 260 |
_a[S.N] : _bدار العرب للبستانى ، _c1994 |
||
| 300 | _a135 ص | ||
| 490 | _a | ||
| 650 | 0 | 4 | _aالشعر العربى |
| 650 | 0 | 4 | _aالادب العربى |
| 650 | 0 | 4 | _aالشعر الفارسى |
| 650 | 0 | 4 | _aدواوين وقصائد |
| 650 | 0 | 4 | _aالدولة العباسية الثانية |
| 650 | 0 | 4 | _aالعصر السلجوقى |
| 650 | 0 | 4 | _aالخيام , عمر بن ابراهيم |
| 942 |
_2ddc _cBK |
||
| 999 |
_c35076 _d35076 |
||